Normal view
MARC view
Entry Personal Name
001 - CONTROL NUMBER
- control field: 2088
003 - CONTROL NUMBER IDENTIFIER
- control field: OSt
005 - DATE AND TIME OF LATEST TRANSACTION
- control field: 20141120144615.0
008 - FIXED-LENGTH DATA ELEMENTS
- fixed length control field: 141120|| aca||aabn | a|a d
040 ## - CATALOGING SOURCE
- Original cataloging agency: OSt
- Transcribing agency: OSt
100 ## - HEADING--PERSONAL NAME
- Personal name: Moonie Neil
670 ## - SOURCE DATA FOUND
- Source citation: Work cat.: (OSt): Health and social care /, 2000.
